[Event "Bad Pyrmont Pape op-B 2nd"]
[Site "Bad Pyrmont"]
[Date "2023.08.12"]
[Round "4"]
[White "Krueger, Moritz"]
[Black "Wilhelm, Mark"]
[Result "1-0"]
[WhiteElo "1607"]
[BlackElo "1268"]
[PlyCount "131"]
[EventDate "2023.08.10"]
[EventType "swiss"]
[EventCountry "GER"]
[SourceTitle "EXT 2024"]
[Source "ChessBase"]
[SourceDate "2023.10.10"]
[SourceVersion "1"]
[SourceVersionDate "2023.10.10"]
[SourceQuality "1"]

1. d4 Nf6 2. c4 e6 3. Nc3 Bb4 4. Qc2 c5 5. e3 Nc6 6. Nf3 Bxc3+ 7. Qxc3 b6 8. Bd3 Bb7 9. 0-0 0-0 10. b3 Qc7 11. Bb2 Rfd8 12. Qc2 Nb4 13. Qd2 Nxd3 14. Qxd3 Bxf3 15. gxf3 cxd4 16. Bxd4 Ne8 17. Rac1 Qb7 18. Kg2 Rac8 19. Rg1 d5 20. c5 bxc5 21. Bxc5 Rc6 22. b4 Rdc8 23. Qd4 Qa6 24. Rc2 Qb5 25. Kh1 a5 26. a3 axb4 27. axb4 g6 28. Ra2 Qc4 29. Qxc4 dxc4 30. Rc1 Nc7 31. e4 Na6 32. b5 Rxc5 33. bxa6 R5c7 34. Rc3 Ra8 35. Kg2 Rca7 36. Kg3 Rxa6 37. Rxa6 Rxa6 38. Rxc4 Kg7 39. Kf4 Ra2 40. Kg3 Ra5 41. f4 Ra7 42. f3 Re7 43. Rc5 f5 44. Re5 Kf7 45. h4 h5 46. Rc5 Re8 47. Kf2 Ra8 48. Ke3 Ra3+ 49. Kf2 Ra2+ 50. Kg3 Rb2 51. Rc7+ Kf8 52. Rd7 Ra2 53. Rd1 Kf7 54. Rg1 Kf8 55. Rg2 Rxg2+ 56. Kxg2 Ke7 57. Kf2 Kd6 58. Ke3 Kc5 59. Kd3 Kd6 60. Kd4 Kd7 61. Kc5 Kc7 62. e5 Kd7 63. Kb6 Kd8 64. Kc6 Ke7 65. Kc7 Kf7 66. Kd6 1-0

[Event "Bad Pyrmont Pape op-B 2nd"]
[Site "Bad Pyrmont"]
[Date "2023.08.12"]
[Round "5"]
[White "Wilhelm, Mark"]
[Black "Lorek, Peter"]
[Result "1-0"]
[WhiteElo "1268"]
[BlackElo "1384"]
[PlyCount "103"]
[EventDate "2023.08.10"]
[EventType "swiss"]
[EventCountry "GER"]
[SourceTitle "EXT 2024"]
[Source "ChessBase"]
[SourceDate "2023.10.10"]
[SourceVersion "1"]
[SourceVersionDate "2023.10.10"]
[SourceQuality "1"]

1. d4 d5 2. c4 e6 3. Nc3 c6 4. e4 Nf6 5. Bg5 Be7 6. e5 Ne4 7. Nxe4 Bxg5 8. Nxg5 Qxg5 9. Nf3 Qe7 10. b3 Qb4+ 11. Qd2 Qxd2+ 12. Nxd2 b6 13. Be2 Bb7 14. 0-0 0-0 15. f4 g6 16. Nf3 Na6 17. cxd5 cxd5 18. Bxa6 Bxa6 19. Rfc1 Rfc8 20. Kf2 h5 21. Ke3 Rxc1 22. Rxc1 Rc8 23. Rxc8+ Bxc8 24. Kd2 Ba6 25. Kc3 Kg7 26. h4 f6 27. g3 Kf7 28. Kb4 Be2 29. Ne1 g5 30. Ng2 a6 31. a4 a5+ 32. Kc3 Bf3 33. Ne3 gxf4 34. gxf4 fxe5 35. fxe5 Ke7 36. Kd2 Kd7 37. Nf1 Be4 38. Ng3 Bg6 39. Ne2 Kc6 40. Nf4 Bf7 41. Kc3 b5 42. Nd3 b4+ 43. Kd2 Kb6 44. Ke3 Bg6 45. Nc5 Bf5 46. Kf4 Kc6 47. Kg5 Bg4 48. Kf6 Bf5 49. Nxe6 Bc2 50. Nc5 Bd1 51. e6 Kd6 52. e7 1-0

[Event "Bad Pyrmont Pape op-B 2nd"]
[Site "Bad Pyrmont"]
[Date "2023.08.10"]
[Round "1"]
[White "Wilhelm, Mark"]
[Black "Koronowski, Heinz Juergen"]
[Result "1/2-1/2"]
[WhiteElo "1268"]
[BlackElo "1705"]
[PlyCount "70"]
[EventDate "2023.08.10"]
[EventType "swiss"]
[EventCountry "GER"]
[SourceTitle "EXT 2024"]
[Source "ChessBase"]
[SourceDate "2023.10.10"]
[SourceVersion "1"]
[SourceVersionDate "2023.10.10"]
[SourceQuality "1"]

1. d4 Nf6 2. c4 g6 3. Nc3 d5 4. cxd5 Nxd5 5. e4 Nxc3 6. bxc3 Bg7 7. Bc4 c5 8. Ne2 Nc6 9. Be3 cxd4 10. cxd4 Qa5+ 11. Qd2 Qxd2+ 12. Kxd2 0-0 13. Rhd1 Rd8 14. Ke1 b6 15. f3 Bb7 16. Rac1 Rac8 17. d5 Na5 18. Bd3 Bb2 19. Rxc8 Rxc8 20. Rb1 Ba3 21. Bd2 Nc4 22. Bxc4 Rxc4 23. Rb3 Bd6 24. g3 Be5 25. Bc3 Bxc3+ 26. Rxc3 Rxc3 27. Nxc3 Kf8 28. Kd2 Ke8 29. Ke3 Kd7 30. Kd4 e6 31. dxe6+ Kxe6 32. f4 f6 33. a3 Bc6 34. Nd1 a5 35. Ne3 b5 1/2-1/2

[Event "Hannover Bezirks-ch U16/18"]
[Site "Lehrte"]
[Date "2020.10.24"]
[Round "1.3"]
[White "Wilhelm, Mark"]
[Black "Sauer, Tim"]
[Result "0-1"]
[WhiteElo "1293"]
[BlackElo "1795"]
[PlyCount "52"]
[EventDate "2020.10.24"]
[EventType "swiss"]
[EventRounds "5"]
[EventCountry "GER"]
[SourceTitle "EXT 2023"]
[Source "ChessBase"]
[SourceDate "2022.10.05"]
[SourceVersion "1"]
[SourceVersionDate "2022.10.05"]
[SourceQuality "1"]

1. d4 Nf6 2. c4 g6 3. Nc3 Bg7 4. g3 0-0 5. Bg2 d6 6. e4 e5 7. d5 Nbd7 8. Nge2 a5 9. Rb1 Ne8 10. 0-0 f5 11. Qc2 Nc5 12. Be3 Nxe4 13. Nxe4 fxe4 14. Bxe4 Nf6 15. Bd3 e4 16. Bxe4 Nxe4 17. Qxe4 Bf5 18. Qg2 Bxb1 19. Rxb1 g5 20. Bd4 Re8 21. Bxg7 Rxe2 22. Qf3 Qe7 23. Bf6 Rf8 24. Bxe7 Rxf3 25. Bxg5 Rfxf2 26. h4 Rxb2 0-1

[Event "Hannover Bezirks-ch U16"]
[Site "Lehrte"]
[Date "2019.10.03"]
[Round "1.1"]
[White "Wilhelm, Mark"]
[Black "Kiesel, Lara"]
[Result "0-1"]
[WhiteElo "1143"]
[BlackElo "1748"]
[PlyCount "70"]
[EventDate "2019.10.03"]
[EventType "swiss"]
[EventRounds "7"]
[EventCountry "GER"]
[SourceTitle "EXT 2023"]
[Source "ChessBase"]
[SourceDate "2022.10.05"]
[SourceVersion "1"]
[SourceVersionDate "2022.10.05"]
[SourceQuality "1"]

1. d4 Nf6 2. c4 e6 3. Nf3 b6 4. g3 Ba6 5. b3 Bb4+ 6. Bd2 Be7 7. Bc3 0-0 8. Bg2 c6 9. Nbd2 d5 10. 0-0 Nbd7 11. Qc2 Rc8 12. Qb2 dxc4 13. bxc4 c5 14. Rac1 cxd4 15. Bxd4 Bc5 16. Rfd1 Qe7 17. Qb3 Rc7 18. Qa4 Bxd4 19. Nxd4 Nc5 20. Qa3 Bb7 21. Bxb7 Rxb7 22. Nc6 Qc7 23. Nb4 Qe5 24. Na6 Qxe2 25. Nxc5 bxc5 26. Qxc5 Rd7 27. Qe3 Qxe3 28. fxe3 Rfd8 29. c5 Rxd2 30. Rxd2 Rxd2 31. c6 Rd8 32. c7 Rc8 33. Rb1 Nd7 34. Rc1 Kf8 35. Kf2 Ke7 0-1